[Event "7. Open Galapagar 2006"]
[Site "Galapagar ESP"]
[Date "2006.07.24"]
[Round "3.26"]
[White "Garcia Ruido, Ricardo"]
[Black "Castejon Caballero, Andres"]
[Result "1/2-1/2"]
[WhiteElo "2200"]
[BlackElo "1901"]
[PlyCount "103"]
[EventDate "2006.07.22"]
[EventType "swiss"]
[EventRounds "9"]
[EventCountry "ESP"]
[Source "lmi"]
[SourceDate "2006.07.30"]

1. e4 c5 2. Nf3 Nc6 3. d4 cxd4 4. Nxd4 Nf6 5. Nc3 e5 6. Ndb5 d6 7. Bg5 a6 8.
Bxf6 gxf6 9. Na3 b5 10. Nd5 f5 11. g3 Bg7 12. exf5 Bxf5 13. Bg2 Rc8 14. c3 O-O
15. Nc2 Bxc2 16. Qxc2 b4 17. Qf5 Re8 18. cxb4 Nxb4 19. Nxb4 Qb6 20. O-O Qxb4
21. Bd5 Rc7 22. Rac1 Qb8 23. Rc4 Ree7 24. Rg4 Qc8 25. Qg5 Qf8 26. f4 exf4 27.
Rgxf4 Re5 28. Rf5 Rxf5 29. Rxf5 Qe8 30. Rf1 h6 31. Qf5 Qd7 32. Qd3 Qb5 33. Qf3
Qe8 34. b3 Qe7 35. a4 Qe8 36. Qd3 Qe5 37. Kh1 Rc3 38. Bxf7+ Kh8 39. Qf5 Rc1 40.
Qxe5 Rxf1+ 41. Kg2 Bxe5 42. Kxf1 a5 43. Kg2 Bc3 44. g4 Kg7 45. Bc4 Bb4 46. Kf3
Bc5 47. Ke4 Bb4 48. Kf5 Bc5 49. h4 Bb4 50. g5 hxg5 51. hxg5 Bc5 52. Bd5 1/2-1/2

[Event "7. Open Galapagar 2006"]
[Site "Galapagar ESP"]
[Date "2006.07.24"]
[Round "3.27"]
[White "Gordillo Lopez, Manuel"]
[Black "Aguado Rodriguez, Guillermo"]
[Result "1-0"]
[WhiteElo "2129"]
[BlackElo "1884"]
[PlyCount "117"]
[EventDate "2006.07.22"]
[EventType "swiss"]
[EventRounds "9"]
[EventCountry "ESP"]
[Source "lmi"]
[SourceDate "2006.07.30"]

1. d4 Nf6 2. Bg5 Ne4 3. Bf4 b6 4. f3 Nf6 5. e4 d6 6. Nc3 Nbd7 7. Bb5 Bb7 8. Nh3
h6 9. e5 Nd5 10. e6 fxe6 11. Nxd5 exd5 12. Qd3 Qc8 13. Qg6+ Kd8 14. Bg3 c6 15.
Nf4 Nf6 16. Bd3 Kc7 17. Bf5 Qe8 18. Be6 Bc8 19. Bf7 Qd8 20. O-O-O Bd7 21. Rhe1
Kb7 22. Ne6 Bxe6 23. Rxe6 Rc8 24. h4 Rc7 25. h5 Kb8 26. Rde1 Kb7 27. Bh4 Nh7
28. g4 Nf6 29. Qf5 Qd7 30. R1e3 Kb8 31. Ra3 Rb7 32. Rc3 Rc7 33. a4 Rb7 34. Qg6
Rc7 35. Qf5 Kb7 36. Rce3 Rc8 37. Qd3 Rc7 38. Qe2 c5 39. Ra3 c4 40. Bxf6 gxf6
41. f4 Bg7 42. f5 Rhc8 43. Ree3 Rd8 44. Bxd5+ Kb8 45. Re6 Rdc8 46. Qe4 Bf8 47.
Qe1 c3 48. b4 b5 49. Qe2 bxa4 50. Qa6 Bg7 51. b5 Rc4 52. Bxc4 Rxc4 53. Rxa4
Rxa4 54. Qxa4 Qb7 55. Kb1 Qh1+ 56. Ka2 Qc1 57. Qb3 Qd2 58. Rxe7 Qg5 59. Qg8+
1-0

[Event "7. Open Galapagar 2006"]
[Site "Galapagar ESP"]
[Date "2006.07.24"]
[Round "3.28"]
[White "Lopez Alvaro, Diego"]
[Black "Sanchez Alvarez, Jorge"]
[Result "0-1"]
[WhiteElo "1855"]
[BlackElo "2112"]
[PlyCount "62"]
[EventDate "2006.07.22"]
[EventType "swiss"]
[EventRounds "9"]
[EventCountry "ESP"]
[Source "lmi"]
[SourceDate "2006.07.30"]

1. d4 d5 2. c4 dxc4 3. Nc3 a6 4. a4 e5 5. d5 Nf6 6. e4 c6 7. Bxc4 Bb4 8. Qd3
cxd5 9. exd5 O-O 10. Nge2 Bg4 11. f3 e4 12. fxe4 Bxe2 13. Kxe2 Bxc3 14. bxc3
Nxe4 15. Be3 Re8 16. Rhf1 Nd7 17. Kd1 b5 18. axb5 axb5 19. Rxa8 Qxa8 20. Bxb5
Qxd5 21. Kc2 Qa2+ 22. Kc1 Nec5 23. Bxc5 Nxc5 24. Qc4 Nb3+ 25. Qxb3 Qxb3 26.
Bxe8 Qxc3+ 27. Kd1 Qd3+ 28. Ke1 Qe3+ 29. Kd1 Qxe8 30. Rf3 f5 31. Kd2 Qe5 0-1

[Event "7. Open Galapagar 2006"]
[Site "Galapagar ESP"]
[Date "2006.07.24"]
[Round "3.29"]
[White "De Santiago Alba, Cristino"]
[Black "Callejo Hernanz, Jesus Maria"]
[Result "1-0"]
[WhiteElo "2104"]
[BlackElo "1891"]
[PlyCount "71"]
[EventDate "2006.07.22"]
[EventType "swiss"]
[EventRounds "9"]
[EventCountry "ESP"]
[Source "lmi"]
[SourceDate "2006.07.30"]

1. e4 c5 2. Nf3 d6 3. d4 cxd4 4. Nxd4 Nf6 5. Nc3 g6 6. Be3 Bg7 7. f3 a6 8. Qd2
b5 9. O-O-O Bb7 10. g4 Nbd7 11. h4 Nb6 12. a3 Rc8 13. h5 e5 14. Ndxb5 axb5 15.
Bxb5+ Bc6 16. Qxd6 Qxd6 17. Rxd6 Bxb5 18. Rxb6 Bc4 19. h6 Bf8 20. Rxf6 Be6 21.
Nd5 Bc5 22. Bxc5 Rxc5 23. g5 Kd7 24. f4 Bxd5 25. exd5 Ke7 26. Re1 Rxd5 27. fxe5
Rf8 28. c3 Rc5 29. Kc2 Rd5 30. Re4 Rfd8 31. e6 fxe6 32. Rfxe6+ Kf7 33. Re7+ Kg8
34. Rg7+ Kf8 35. Rxh7 Rxg5 36. Rh8+ 1-0

[Event "7. Open Galapagar 2006"]
[Site "Galapagar ESP"]
[Date "2006.07.24"]
[Round "3.30"]
[White "Pascual Palomo, Lucia"]
[Black "Bote Kobolo, Benjamin"]
[Result "1-0"]
[WhiteElo "2067"]
[BlackElo "1863"]
[PlyCount "131"]
[EventDate "2006.07.22"]
[EventType "swiss"]
[EventRounds "9"]
[EventCountry "ESP"]
[Source "lmi"]
[SourceDate "2006.07.30"]

1. e4 Nc6 2. d4 e5 3. Nf3 exd4 4. Nxd4 Bc5 5. Be3 Qf6 6. c3 Qg6 7. Nd2 a6 8. f4
d6 9. f5 Qf6 10. N2f3 h6 11. Qd2 Bd7 12. Be2 Qe7 13. O-O Qxe4 14. Bd3 Qe7 15.
Rfe1 Ne5 16. Bf4 f6 17. Nh4 Qf7 18. Ng6 Rh7 19. Kh1 O-O-O 20. Ne6 Bxe6 21. fxe6
Qxe6 22. Nxe5 fxe5 23. Bxh7 Nf6 24. Qc2 Kb8 25. Bf5 Qc4 26. Be3 Bxe3 27. Rxe3
Nd5 28. Rg3 Qc5 29. Qe4 Rf8 30. Rxg7 Ne3 31. Be6 Rf4 32. Qd3 d5 33. Rg3 d4 34.
cxd4 exd4 35. Rf3 Qc6 36. Rxe3 dxe3 37. Bd5 Qc5 38. Bf3 Rd4 39. Qb3 Rb4 40. Qa3
Qd4 41. Qc3 Qb6 42. b3 Rb5 43. Re1 e2 44. Rxe2 Rc5 45. Qe1 Qf6 46. h3 h5 47.
Re8+ Ka7 48. Qe3 Qb6 49. Re6 c6 50. a3 h4 51. b4 Rc4 52. Qxb6+ Kxb6 53. Kh2 Rc3
54. a4 Rc4 55. Re4 Rxe4 56. Bxe4 a5 57. bxa5+ Kxa5 58. Bc2 Kb4 59. g4 hxg3+ 60.
Kxg3 b5 61. axb5 cxb5 62. Kg4 Kc3 63. Bf5 Kd4 64. Kg5 Kd5 65. Kg6 b4 66. h4 1-0

[Event "7. Open Galapagar 2006"]
[Site "Galapagar ESP"]
[Date "2006.07.24"]
[Round "3.31"]
[White "Sanchez Gonzalez, Sergio"]
[Black "Canseco Arenas, Alfonso"]
[Result "1-0"]
[WhiteElo "2062"]
[BlackElo "1846"]
[PlyCount "46"]
[EventDate "2006.07.22"]
[EventType "swiss"]
[EventRounds "9"]
[EventCountry "ESP"]
[Source "lmi"]
[SourceDate "2006.07.30"]

1. b3 f5 2. Bb2 Nf6 3. e3 e6 4. Nf3 Be7 5. h3 d5 6. d4 c5 7. Ne5 Nbd7 8. Be2
Nxe5 9. dxe5 Nd7 10. g4 Nb6 11. gxf5 exf5 12. a4 Be6 13. Bb5+ Nd7 14. c4 dxc4
15. Bxc4 Bxc4 16. bxc4 Qb6 17. Qc2 O-O 18. Nd2 Rad8 19. O-O-O Qc6 20. Rhg1 Bh4
21. e6 Nf6 22. e7 Bxf2 23. exd8=Q Rxd8 1-0

[Event "7. Open Galapagar 2006"]
[Site "Galapagar ESP"]
[Date "2006.07.24"]
[Round "3.32"]
[White "Wehmeier, Manuel"]
[Black "Gonzalez Dominguez, Carlos"]
[Result "1-0"]
[WhiteElo "2049"]
[BlackElo "1828"]
[PlyCount "53"]
[EventDate "2006.07.22"]
[EventType "swiss"]
[EventRounds "9"]
[EventCountry "ESP"]
[Source "lmi"]
[SourceDate "2006.07.30"]

1. d4 d5 2. c4 c6 3. Nf3 Nf6 4. Nc3 e6 5. c5 Nbd7 6. Bf4 Be7 7. h3 O-O 8. e3 b5
9. b4 Bb7 10. Bd3 a5 11. a3 axb4 12. axb4 Rxa1 13. Qxa1 Qa8 14. Qb2 Qa7 15. Kd2
Ra8 16. g4 Qa3 17. Kc2 Qxb2+ 18. Kxb2 Bd8 19. g5 Ne8 20. Nxb5 cxb5 21. Bxb5 Bc8
22. Bc6 Ra7 23. b5 Kf8 24. Rc1 Nc7 25. Bd6+ Kg8 26. b6 Ra6 27. Bxd7 1-0

[Event "7. Open Galapagar 2006"]
[Site "Galapagar ESP"]
[Date "2006.07.24"]
[Round "3.33"]
[White "Carrasco Espasandin, Pablo"]
[Black "Dominguez Carmona, Miguel"]
[Result "0-1"]
[WhiteElo "1829"]
[BlackElo "2047"]
[PlyCount "98"]
[EventDate "2006.07.22"]
[EventType "swiss"]
[EventRounds "9"]
[EventCountry "ESP"]
[Source "lmi"]
[SourceDate "2006.07.30"]

1. d4 Nf6 2. Nc3 e6 3. e4 Bb4 4. Bd3 c5 5. a3 Ba5 6. dxc5 Bxc3+ 7. bxc3 Qa5 8.
Bd2 Qxc5 9. Nf3 O-O 10. O-O b6 11. c4 Nc6 12. Bc3 e5 13. Qd2 d6 14. Bb4 Nxb4
15. axb4 Qc6 16. Rfe1 Be6 17. b5 Qc8 18. Qb4 Rd8 19. Ng5 Bd7 20. Qxd6 Bxb5 21.
Qxe5 Bxc4 22. Bxc4 Qxc4 23. c3 h6 24. Nf3 Re8 25. Nd2 Rxe5 26. Nxc4 Rxe4 27.
Rxe4 Nxe4 28. Nxb6 Rb8 29. Nd5 Rd8 30. c4 Rd7 31. h3 Kf8 32. Ne3 Ke7 33. f3 Nc5
34. Nf5+ Kf6 35. g4 g6 36. Ne3 Ke5 37. Kg2 Kd4 38. Kf2 Nd3+ 39. Ke2 Re7 40. Kd2
Rxe3 41. Ra3 Rxf3 42. Rxa7 Rf2+ 43. Kd1 Kxc4 44. Rc7+ Kd4 45. Rd7+ Ke4 46. Re7+
Ne5 47. Ra7 f5 48. Ra4+ Ke3 49. gxf5 Nd3 0-1

[Event "7. Open Galapagar 2006"]
[Site "Galapagar ESP"]
[Date "2006.07.24"]
[Round "3.34"]
[White "Iturbide Arnedo, Oscar"]
[Black "Del Alamo Jimenez Montill, Elias"]
[Result "1-0"]
[WhiteElo "2004"]
[BlackElo "2023"]
[PlyCount "39"]
[EventDate "2006.07.22"]
[EventType "swiss"]
[EventRounds "9"]
[EventCountry "ESP"]
[Source "lmi"]
[SourceDate "2006.07.30"]

1. e4 e5 2. Nc3 Nf6 3. Bc4 Bc5 4. d3 h6 5. f4 d6 6. Na4 Bxg1 7. Rxg1 c6 8. Nc3
b5 9. Bb3 Qb6 10. Rh1 Ng4 11. Qe2 exf4 12. Bxf4 Ne5 13. Bxe5 dxe5 14. Rf1 O-O
15. Qh5 Qc7 16. O-O-O Na6 17. Rxf7 Rxf7 18. Rf1 Nc5 19. Bxf7+ Kh8 20. Rf6 1-0

[Event "7. Open Galapagar 2006"]
[Site "Galapagar ESP"]
[Date "2006.07.24"]
[Round "3.35"]
[White "Serrenao Pozo, Fermin"]
[Black "Serrano Martinez, Francisco Javier"]
[Result "1-0"]
[WhiteElo "1963"]
[BlackElo "1980"]
[PlyCount "57"]
[EventDate "2006.07.22"]
[EventType "swiss"]
[EventRounds "9"]
[EventCountry "ESP"]
[Source "lmi"]
[SourceDate "2006.07.30"]

1. Nf3 c5 2. b3 Nf6 3. Bb2 e6 4. e3 d5 5. Ne5 Nbd7 6. Bb5 a6 7. Bxd7+ Nxd7 8.
d3 Qg5 9. O-O Bd6 10. f4 Qh6 11. Ng4 Qg6 12. Nd2 h5 13. Nf2 Nf6 14. Qf3 Ng4 15.
e4 O-O 16. c4 Nxf2 17. Rxf2 d4 18. b4 Bd7 19. bxc5 Bxc5 20. Kh1 Ba4 21. Rg1 f6
22. g4 h4 23. Qh3 e5 24. Qxh4 b5 25. fxe5 fxe5 26. Rf5 Rxf5 27. gxf5 Qh6 28.
Qg3 Be7 29. Qxe5 1-0

[Event "7. Open Galapagar 2006"]
[Site "Galapagar ESP"]
[Date "2006.07.24"]
[Round "3.36"]
[White "Torrents Ledewig, Miguel"]
[Black "Rivera Vela, Luis Miguel"]
[Result "0-1"]
[WhiteElo "1973"]
[BlackElo "1967"]
[PlyCount "74"]
[EventDate "2006.07.22"]
[EventType "swiss"]
[EventRounds "9"]
[EventCountry "ESP"]
[Source "lmi"]
[SourceDate "2006.07.30"]

1. d4 c5 2. Nf3 e6 3. c4 cxd4 4. Nxd4 Nf6 5. Nc3 Bb4 6. Qc2 Nc6 7. e3 d5 8.
Nxc6 bxc6 9. Qa4 Qb6 10. Bd2 Bd7 11. Qc2 c5 12. Nb1 Rb8 13. b3 a5 14. Bd3 a4
15. O-O axb3 16. axb3 O-O 17. Bxb4 Qxb4 18. Nd2 Rfd8 19. Rfb1 Bc6 20. cxd5 exd5
21. Nf3 Bb5 22. Bxb5 Qxb5 23. Ne5 Qe8 24. Qf5 d4 25. exd4 cxd4 26. Re1 Qb5 27.
Ra7 d3 28. Rxf7 d2 29. Rxg7+ Kh8 30. Rd1 Qxb3 31. Rxh7+ Nxh7 32. Qh5 Re8 33.
Rxd2 Qb1+ 34. Rd1 Qe4 35. Nf7+ Kg7 36. Qh6+ Kg8 37. h4 Rb1 0-1

[Event "7. Open Galapagar 2006"]
[Site "Galapagar ESP"]
[Date "2006.07.24"]
[Round "3.39"]
[White "Adan Bermudez, Sergio"]
[Black "Bordo Bujalance, Enrique"]
[Result "1-0"]
[WhiteElo "1907"]
[BlackElo "1959"]
[PlyCount "103"]
[EventDate "2006.07.22"]
[EventType "swiss"]
[EventRounds "9"]
[EventCountry "ESP"]
[Source "lmi"]
[SourceDate "2006.07.30"]

1. c4 e5 2. Nc3 Nc6 3. g3 f5 4. Bg2 Nf6 5. e3 d5 6. cxd5 Nb4 7. d3 Nbxd5 8. a3
c6 9. Nge2 Be7 10. e4 Nxc3 11. Nxc3 fxe4 12. dxe4 Qxd1+ 13. Nxd1 O-O 14. O-O
Bc5 15. Be3 Bxe3 16. Nxe3 Be6 17. f4 Rad8 18. Rad1 exf4 19. gxf4 Rfe8 20. e5
Ng4 21. Rxd8 Rxd8 22. Rd1 Rxd1+ 23. Nxd1 Nh6 24. Ne3 g5 25. fxg5 Nf7 26. h4
Nxe5 27. Be4 Kg7 28. Kf2 h6 29. Kg3 hxg5 30. hxg5 Nd7 31. Bf5 Nc5 32. b4 Bxf5
33. Nxf5+ Kg6 34. Nh4+ Kxg5 35. bxc5 b6 36. Nf3+ Kf6 37. Kf4 bxc5 38. Nd2 Ke6
39. Ke4 Kd6 40. a4 Kc7 41. Kd3 Kb7 42. Kc4 Kb6 43. Nb3 a6 44. a5+ Ka7 45. Kxc5
Kb7 46. Nd4 Kc7 47. Nxc6 Kb7 48. Nb4 Ka7 49. Kc6 Ka8 50. Kb6 Kb8 51. Nxa6+ Ka8
52. Nc7+ 1-0

[Event "7. Open Galapagar 2006"]
[Site "Galapagar ESP"]
[Date "2006.07.24"]
[Round "3.42"]
[White "Lopez Pais, Francisco"]
[Black "Roldan Jimenez, Luis"]
[Result "1-0"]
[WhiteElo "1878"]
[BlackElo "1929"]
[PlyCount "87"]
[EventDate "2006.07.22"]
[EventType "swiss"]
[EventRounds "9"]
[EventCountry "ESP"]
[Source "lmi"]
[SourceDate "2006.07.30"]

1. c4 Nf6 2. g3 e6 3. Bg2 d5 4. Nf3 Nbd7 5. b3 Be7 6. O-O O-O 7. Bb2 c6 8. d4
dxc4 9. bxc4 Nb6 10. Qc2 Nfd7 11. Nbd2 Qc7 12. Rac1 c5 13. Rfd1 cxd4 14. Nxd4
a6 15. N4f3 Bf6 16. Ne4 Bxb2 17. Qxb2 Rd8 18. Qc2 Nf8 19. Rxd8 Qxd8 20. Rd1 Qc7
21. Nd6 f6 22. Qb3 Bd7 23. Qb4 Bc6 24. c5 Nd5 25. Qg4 Rd8 26. Nd4 Bd7 27. Ne4
e5 28. Nf5 Be6 29. Ned6 Nc3 30. Nh6+ Kh8 31. Ndf7+ Bxf7 32. Rxd8 Qe7 33. Nxf7+
Qxf7 34. Rb8 g6 35. Rxb7 Qxa2 36. Bf1 Qd5 37. Qb4 Nb5 38. c6 Kg8 39. e4 Qxc6
40. Bc4+ Ne6 41. Bd5 Qc1+ 42. Kg2 Nbd4 43. Bxe6+ Nxe6 44. Qe7 1-0

[Event "7. Open Galapagar 2006"]
[Site "Galapagar ESP"]
[Date "2006.07.25"]
[Round "4.1"]
[White "Barria Zuñiga, Daniel"]
[Black "Solaesa Navalpotro, Luis Julio"]
[Result "1-0"]
[WhiteElo "2420"]
[BlackElo "2334"]
[PlyCount "77"]
[EventDate "2006.07.22"]
[EventType "swiss"]
[EventRounds "9"]
[EventCountry "ESP"]
[Source "lmi"]
[SourceDate "2006.07.30"]

1. d4 Nf6 2. c4 c5 3. d5 b5 4. cxb5 a6 5. bxa6 Bxa6 6. Nc3 d6 7. Nf3 g6 8. g3
Bg7 9. Bg2 Nbd7 10. O-O Nb6 11. Nh4 O-O 12. Qc2 Ra7 13. Rd1 Qa8 14. e4 Bb7 15.
a4 Ba6 16. b3 Nbd7 17. Rb1 Rb8 18. h3 Rab7 19. Ba3 Rb6 20. Na2 Rc8 21. Kh2 Bb7
22. Nc3 e6 23. dxe6 fxe6 24. Bc1 d5 25. exd5 exd5 26. Nb5 Ba6 27. Re1 Bxb5 28.
axb5 Rxb5 29. Bg5 Qb8 30. Qd2 d4 31. Bf1 Rb4 32. Bc4+ Kh8 33. Bf4 Qb7 34. Bh6
Nb6 35. Be6 Rf8 36. Bxg7+ Kxg7 37. Qg5 Nbd5 38. Nf5+ Kh8 39. Qh6 1-0

[Event "7. Open Galapagar 2006"]
[Site "Galapagar ESP"]
[Date "2006.07.25"]
[Round "4.2"]
[White "Garcia Fernandez, Carlos"]
[Black "Aguirre, Simon"]
[Result "1/2-1/2"]
[WhiteElo "2358"]
[BlackElo "2250"]
[PlyCount "52"]
[EventDate "2006.07.22"]
[EventType "swiss"]
[EventRounds "9"]
[EventCountry "ESP"]
[Source "lmi"]
[SourceDate "2006.07.30"]

1. e4 c5 2. c3 d5 3. exd5 Qxd5 4. d4 e6 5. Nf3 Nf6 6. Be2 Be7 7. O-O O-O 8. Ne5
cxd4 9. cxd4 Nc6 10. Bf3 Qd6 11. Bf4 Nd5 12. Bg3 Nxe5 13. Bxe5 Qb6 14. Nc3 Nb4
15. d5 Rd8 16. Qb3 Nxd5 17. Bxd5 exd5 18. Nxd5 Qe6 19. Qg3 f6 20. Nxe7+ Qxe7
21. Bc3 Be6 22. Rfe1 Qf7 23. a3 Bd5 24. Re3 Re8 25. Rd3 Bc6 26. Rd6 Qg6 1/2-1/2

[Event "7. Open Galapagar 2006"]
[Site "Galapagar ESP"]
[Date "2006.07.25"]
[Round "4.3"]
[White "Valbuena Mota, Alejandro"]
[Black "Roa Alonso, Santiago"]
[Result "0-1"]
[WhiteElo "2124"]
[BlackElo "2418"]
[PlyCount "100"]
[EventDate "2006.07.22"]
[EventType "swiss"]
[EventRounds "9"]
[EventCountry "ESP"]
[Source "lmi"]
[SourceDate "2006.07.30"]

1. d4 Nf6 2. c4 e6 3. Nf3 d5 4. Bg5 Nbd7 5. e3 h6 6. Bh4 Be7 7. Nc3 O-O 8. Rc1
c6 9. cxd5 exd5 10. Bd3 Ne4 11. Bxe7 Qxe7 12. O-O f5 13. Qc2 g5 14. a3 a5 15.
Rb1 Kg7 16. Nd2 Ndf6 17. Rfe1 Nxd2 18. Qxd2 Ne4 19. Qc2 Qf6 20. Bxe4 fxe4 21.
b4 axb4 22. axb4 b5 23. Ra1 Rxa1 24. Rxa1 Rf7 25. Ra2 Bd7 26. Ra6 Qf5 27. Na2
h5 28. Nc1 h4 29. Qe2 h3 30. g3 Be8 31. Nb3 Rf6 32. Nd2 Bh5 33. Qe1 Bd1 34.
Ra7+ Kg6 35. Ra1 Bc2 36. Rc1 Bd3 37. Ra1 Qc8 38. Ra3 Qf8 39. Nf1 Bc4 40. Ra1
Re6 41. Nd2 Qxb4 42. Nf3 Qxe1+ 43. Nxe1 b4 44. Nc2 b3 45. Na3 c5 46. Nb1 Bd3
47. Nc3 cxd4 48. exd4 b2 49. Ra5 Rc6 50. Rc5 Rxc5 0-1

[Event "7. Open Galapagar 2006"]
[Site "Galapagar ESP"]
[Date "2006.07.25"]
[Round "4.4"]
[White "Labarta Gonzalez, Ivan B"]
[Black "Bermejo Collado, Julian"]
[Result "1-0"]
[WhiteElo "2113"]
[BlackElo "2342"]
[PlyCount "89"]
[EventDate "2006.07.22"]
[EventType "swiss"]
[EventRounds "9"]
[EventCountry "ESP"]
[Source "lmi"]
[SourceDate "2006.07.30"]

1. d4 d6 2. e4 Nd7 3. Nf3 c6 4. a4 g6 5. Bc4 d5 6. exd5 Nb6 7. Bb3 Nxd5 8. O-O
Ngf6 9. Ne5 Be6 10. a5 Rc8 11. c4 Nb4 12. Be3 Bg7 13. Qd2 Na6 14. Nc3 O-O 15.
Rfd1 Ng4 16. Nxg4 Bxg4 17. f3 Bf5 18. Qf2 Qc7 19. Qh4 Nb4 20. Ne4 Bxe4 21. Qxe4
c5 22. Bf4 Qc6 23. d5 Qf6 24. Rd2 Rfd8 25. Re1 Bf8 26. Rde2 Qa6 27. Ra1 b5 28.
Bg5 Rc7 29. h4 Rb7 30. h5 bxc4 31. Bxc4 Qd6 32. Bf4 Qf6 33. hxg6 hxg6 34. Be5
Qg5 35. Ra3 Rbd7 36. f4 Qg4 37. Rh3 f6 38. Ree3 Kf7 39. Reg3 Qf5 40. Qxf5 gxf5
41. d6+ e6 42. Rh7+ Ke8 43. Bb5 fxe5 44. Rg8 Nd5 45. fxe5 1-0

[Event "7. Open Galapagar 2006"]
[Site "Galapagar ESP"]
[Date "2006.07.26"]
[Round "4.5"]
[White "Garcia Saez, Juan Carlos"]
[Black "Fernandez Garcia, Miguel Angel"]
[Result "0-1"]
[WhiteElo "2090"]
[BlackElo "2317"]
[PlyCount "76"]
[EventDate "2006.07.22"]
[EventType "swiss"]
[EventRounds "9"]
[EventCountry "ESP"]
[Source "lmi"]
[SourceDate "2006.07.30"]

1. e4 c5 2. Nf3 Nc6 3. d4 cxd4 4. Nxd4 e5 5. Nf3 Nf6 6. Bc4 Be7 7. O-O O-O 8.
Re1 d6 9. h3 Be6 10. Bf1 h6 11. c3 Qc7 12. c4 Rfd8 13. Nc3 Rac8 14. b3 Bf8 15.
Bb2 Ne7 16. Nb5 Qb8 17. Qd2 a6 18. Nc3 Ng6 19. Rad1 Nf4 20. Bc1 g5 21. Nh2 Qc7
22. Qb2 b5 23. Bxf4 exf4 24. Nd5 Nxd5 25. cxd5 Bg7 26. Qb1 Bd7 27. Bd3 Qb6 28.
Nf3 Re8 29. Rc1 Bd4 30. Nxd4 Qxd4 31. Rcd1 Qe5 32. Rd2 f3 33. Qb2 Rc3 34. g4 h5
35. gxh5 Bxh3 36. Bf1 Bxf1 37. Rd3 Qf4 38. Kxf1 Qh2 0-1

[Event "7. Open Galapagar 2006"]
[Site "Galapagar ESP"]
[Date "2006.07.25"]
[Round "4.6"]
[White "Martin Rueda, Daniel"]
[Black "Mansilla Tolosa, Luis Eduardo"]
[Result "1-0"]
[WhiteElo "2293"]
[BlackElo "2049"]
[PlyCount "67"]
[EventDate "2006.07.22"]
[EventType "swiss"]
[EventRounds "9"]
[EventCountry "ESP"]
[Source "lmi"]
[SourceDate "2006.07.30"]

1. d4 Nf6 2. Bg5 d5 3. Bxf6 exf6 4. e3 Bd6 5. Nd2 Be6 6. g3 c6 7. Bg2 Nd7 8.
Ne2 Qe7 9. b3 Bf5 10. O-O O-O 11. c4 dxc4 12. Nxc4 Rfd8 13. e4 Bg6 14. f4 Bc7
15. Nc3 b5 16. Ne3 b4 17. Ncd5 cxd5 18. Nxd5 Qf8 19. Nxc7 Rac8 20. Nd5 f5 21.
e5 Nb6 22. Nxb6 axb6 23. d5 Qc5+ 24. Kh1 f6 25. Rc1 Qe3 26. e6 Rxc1 27. Qxc1
Qxc1 28. Rxc1 Be8 29. Kg1 Rd6 30. Kf2 g5 31. Ke3 g4 32. Kd4 Rd8 33. Bf1 Ra8 34.
d6 1-0

[Event "7. Open Galapagar 2006"]
[Site "Galapagar ESP"]
[Date "2006.07.25"]
[Round "4.7"]
[White "Paredes Mancha, Antonio"]
[Black "Perez Gonzalez, Jose Manuel"]
[Result "0-1"]
[WhiteElo "2038"]
[BlackElo "2281"]
[PlyCount "58"]
[EventDate "2006.07.22"]
[EventType "swiss"]
[EventRounds "9"]
[EventCountry "ESP"]
[Source "lmi"]
[SourceDate "2006.07.30"]

1. e4 c5 2. Nf3 d6 3. d4 cxd4 4. Qxd4 a6 5. c4 Nc6 6. Qd2 Nf6 7. Nc3 g6 8. b3
Bg7 9. Bb2 Bg4 10. Be2 O-O 11. O-O Qa5 12. Rad1 Rfc8 13. Rfe1 Rab8 14. a3 Bxf3
15. gxf3 Qh5 16. Nd5 Nxd5 17. Bxg7 Nf4 18. Qxf4 Kxg7 19. Qe3 Qc5 20. b4 Qxe3
21. fxe3 a5 22. c5 axb4 23. cxd6 bxa3 24. dxe7 b5 25. Rb1 b4 26. e8=Q Rxe8 27.
Rec1 b3 28. Rxc6 a2 29. Bd3 Red8 0-1

[Event "7. Open Galapagar 2006"]
[Site "Galapagar ESP"]
[Date "2006.07.25"]
[Round "4.8"]
[White "De la Fuente Gonzalez, Francisco"]
[Black "Corroto Jimenez, Jose Antonio"]
[Result "1-0"]
[WhiteElo "2217"]
[BlackElo "2035"]
[PlyCount "35"]
[EventDate "2006.07.22"]
[EventType "swiss"]
[EventRounds "9"]
[EventCountry "ESP"]
[Source "lmi"]
[SourceDate "2006.07.30"]

1. g3 g6 2. Bg2 Bg7 3. c4 c6 4. Nc3 Nf6 5. e4 e5 6. d4 exd4 7. Qxd4 O-O 8. e5
c5 9. Qxc5 Re8 10. Nge2 Ng4 11. f4 Bf8 12. Qb5 a6 13. Qb3 Bc5 14. Ne4 Qe7 15.
h3 Bb4+ 16. Kf1 Nh6 17. Nf6+ Kf8 18. Nd5 1-0

[Event "7. Open Galapagar 2006"]
[Site "Galapagar ESP"]
[Date "2006.07.25"]
[Round "4.9"]
[White "Julian Sierra, Rogelio"]
[Black "Semprun Martinez, Fernando"]
[Result "0-1"]
[WhiteElo "1975"]
[BlackElo "2166"]
[PlyCount "84"]
[EventDate "2006.07.22"]
[EventType "swiss"]
[EventRounds "9"]
[EventCountry "ESP"]
[Source "lmi"]
[SourceDate "2006.07.30"]

1. c4 c5 2. Nc3 Nc6 3. g3 g6 4. Bg2 Bg7 5. Nf3 e5 6. O-O Nge7 7. Ne1 O-O 8. Nc2
d6 9. Rb1 Be6 10. d3 d5 11. b3 h6 12. e4 dxe4 13. Nxe4 b6 14. Nc3 Qd7 15. Ne3
Bh3 16. Re1 Bxg2 17. Kxg2 Nb4 18. Ng4 Nxd3 19. Re3 Rad8 20. Qf3 f5 21. Nxh6+
Bxh6 22. Rxd3 Qxd3 23. Bxh6 Qxf3+ 24. Kxf3 Rd3+ 25. Ke2 Rxc3 26. Bxf8 Kxf8 27.
Kd2 Rf3 28. Ke2 e4 29. Rd1 Rd3 30. Rxd3 exd3+ 31. Kxd3 Nc6 32. Ke3 Kf7 33. h4
Nb4 34. a3 Nc2+ 35. Kd2 Nd4 36. b4 f4 37. Kd3 fxg3 38. fxg3 Nf5 39. bxc5 bxc5
40. g4 Nxh4 41. Ke4 Ke6 42. a4 g5 0-1

[Event "7. Open Galapagar 2006"]
[Site "Galapagar ESP"]
[Date "2006.07.25"]
[Round "4.27"]
[White "Tevar Sanz, Gonzalo"]
[Black "Hernandez Fernandez, Enrique"]
[Result "0-1"]
[WhiteElo "1861"]
[BlackElo "2029"]
[PlyCount "70"]
[EventDate "2006.07.22"]
[EventType "swiss"]
[EventRounds "9"]
[EventCountry "ESP"]
[Source "lmi"]
[SourceDate "2006.07.30"]

1. e4 c5 2. Nf3 Nc6 3. Bb5 d6 4. O-O Bd7 5. Re1 e5 6. d3 a6 7. Bc4 Be7 8. c3 g5
9. Nxg5 Bxg5 10. Qh5 Qf6 11. Bxg5 Qg6 12. Qxg6 hxg6 13. Nd2 Nce7 14. Nf3 b5 15.
Bb3 f6 16. Be3 f5 17. Ng5 f4 18. Nf7 c4 19. Nxd6+ Kf8 20. dxc4 fxe3 21. Rxe3
Kg7 22. cxb5 axb5 23. Rf3 Nf6 24. h3 Bc6 25. Re1 Rhf8 26. g4 Rad8 27. Nf7 Rxf7
28. g5 Rff8 29. gxf6+ Rxf6 30. Rxf6 Kxf6 31. Re2 Kg5 32. Be6 Kf4 33. b4 Rd1+
34. Kh2 Bxe4 35. c4 Rh1# 0-1

[Event "7. Open Galapagar 2006"]
[Site "Galapagar ESP"]
[Date "2006.07.25"]
[Round "4.39"]
[White "Aguado Rodriguez, Guillermo"]
[Black "Quesada Ordinas, Jaime"]
[Result "1-0"]
[WhiteElo "1884"]
[BlackElo "1637"]
[PlyCount "57"]
[EventDate "2006.07.22"]
[EventType "swiss"]
[EventRounds "9"]
[EventCountry "ESP"]
[Source "lmi"]
[SourceDate "2006.07.30"]

1. e4 e6 2. d4 d5 3. e5 c5 4. c3 Nc6 5. Nf3 Qb6 6. Be2 Nge7 7. O-O cxd4 8. cxd4
Nf5 9. b3 Nfxd4 10. Nxd4 Nxd4 11. Bg4 Nc6 12. Bb2 Bc5 13. Nc3 Be7 14. Na4 Qd8
15. f4 b5 16. Nc3 a6 17. Rc1 Bb7 18. Ne2 O-O 19. Rf3 f5 20. exf6 Bxf6 21. Bxe6+
Kh8 22. Bxf6 Rxf6 23. f5 Qb6+ 24. Kh1 d4 25. Nf4 Nb4 26. Rh3 Qd6 27. Qg4 d3 28.
Qg6 Bxg2+ 29. Kxg2 1-0